00735nam a2200193Ia 450000500170000000800390001702000180005604000560007404100080013024500930013826000540023130000360028549000370032150400530035865000150041165000440042665000520047070000190052220211112074529.0130821s1995 enka gr 1 eng a9780631197744 aCO-BoUCMbspacJose A. Gerena (modificó)d[Nuevo]00aeng00aHandbook of the economics of innovations and technological changecPaul Stoneman, editor aOxford (Oxfordshire, Inglaterra)bBlackwellc1995 axiii, 583 páginasbgráficos 0aBlackwell handbooks in economics aIncluye referencias bibliográficas e índices07aEconomía07aEconomíaxInnovaciones tecnológicas07aPolítica tecnológicaxAspectos económicos1 aStoneman, Paul